000 00574nam a2200229Ia 4500
003 OSt
005 20221005122655.0
006 a|||||r|||| 00| 0
007 ta
008 221004b |||||||| |||| 00| 0 kan d
024 _a45918
037 _cTextual
040 _aCRL
_cCRL
_bkan
041 _2kan
_akan
082 _aP33,4:4, K3
100 _aVenkataramanaiah Au.
_9632417
245 0 _aKannada gadegala koash
260 _c1963
650 _aLINGUISTICS
942 _hP33,4:4, K3
_cTEXL
_2cc
999 _c1045045
_d1045045